Bilecik Bilecik Bilecik Bilecik Bilecik

The observatory in islam : (Record no. 59696)

MARC details
000 -BAŞLIK
Sabit Uzunluktaki Kontrol Alanı 01474nam a22004457a 4500
001 - KONTROL NUMARASI
Control Dosyası 0059892
003 - KONTROL NUMARASI KİMLİĞİ
Kontrol Alanı KOHA_MİRAKIL
005 - EN SON İŞLEM TARİHİ ve ZAMANI
Kontrol Alanı 20260207004244.0
007 - FİZİKSEL TANIM SABİT ALAN - GENEL BİLGİ
Sabit uzunluklu kontrol alanı ta
008 - SABİT UZUNLUKTAKİ VERİ ÖGELERİ - GENEL BİLGİ
Sabit Alan 170201b2016 tu |||gr||||#||||0|eng |
020 ## - ISBN - ULUSLARARASI STANDART KİTAP NUMARASI
Isbn 9789751632241
040 ## - KATALOGLAMA KAYNAĞI
Özgün Kataloglama Kurumu TR-BiSEU
Kataloglama Dili tur
Çeviri Kurumu TR-BiSEU
Açıklama Kuralları rda
041 0# - DİL KODU
Metin ya da ses kaydının dil kodu eng
044 ## - YAYINLAYAN/ÜRETEN KURULUŞUN ÜLKE KODU
ISO country code tu
050 ## - SINIFLAMA ve YER NUMARASI
Sınıflama Numarası QB82.I8
Yer Numarası S29 2016
100 1# - KİŞİ ADI
Yazar Adı (Kişi adı) Sayılı, Aydın.
245 14 - ESER ADI BİLDİRİMİ
Başlık The observatory in islam :
Alt Eseradı vb. and its place in the general history of the observatory/
Sorumluluk Bildirimi Aydın Sayılı ; Aydın Sayılı; editör Remzi Demir; derleyen İnan Kalaycıoğulları.
264 #1 - ÜRERİM, YAYIN, DAĞITIM ve TELİF BİLDİRİMİ
Yayın yeri Ankara :
Yayınlayan Atatürk Kültür Merkezi Başkanlığı
Yayın tarihi 2016
300 ## - FİZİKSEL TANIMLAMA
Sayfa, Cilt vb. 497 sayfa: resimli; 25 cm.
336 ## - İÇERİK TÜRÜ
Content type term metin
Content type code txt
Source rdacontent
337 ## - MEDYA TÜRÜ
Media type term aracısız
Media type code n
Source rdamedia
338 ## - TAŞIYICI TÜRÜ
Carrier type term cilt
Carrier type code nc
Source rdacarrier
490 1# - DİZİ BİLDİRİMİ
Dizi Bildirimi Atatürk Kültür Merkezi Yayını ;
Cilt Numarası 461.
490 1# - DİZİ BİLDİRİMİ
Dizi Bildirimi Araştırma-İncelem ;
Cilt Numarası 118..
490 1# - DİZİ BİLDİRİMİ
Dizi Bildirimi Ord.
490 1# - DİZİ BİLDİRİMİ
Dizi Bildirimi Prof.
490 1# - DİZİ BİLDİRİMİ
Dizi Bildirimi Dr.
490 1# - DİZİ BİLDİRİMİ
Dizi Bildirimi Aydın Sayılı Külliyatı ;
Cilt Numarası 4.
500 ## - GENEL NOT
Genel Not Dizin var.
500 ## - GENEL NOT
Genel Not Kaynakça var.
650 #0 - KONU BAŞLIĞI EK GİRİŞ - KONU TERİMİ
Konusal terim veya coğrafi ad Astronomical observatories--History.
9 (RLIN) 21618
650 #0 - KONU BAŞLIĞI EK GİRİŞ - KONU TERİMİ
Konusal terim veya coğrafi ad Astronomy, Arab.
9 (RLIN) 21619
830 1# - SERİ EK GİRİŞİ - TEKBİÇİM ESER ADI
Tekbiçim Başlık Atatürk Kültür Merkezi Yayını ;
Volume number/sequential designation 461.
9 (RLIN) 26821
830 1# - SERİ EK GİRİŞİ - TEKBİÇİM ESER ADI
Tekbiçim Başlık Araştırma-İncelem ;
Volume number/sequential designation 118..
9 (RLIN) 105513
830 1# - SERİ EK GİRİŞİ - TEKBİÇİM ESER ADI
Tekbiçim Başlık Ord.
9 (RLIN) 58580
830 1# - SERİ EK GİRİŞİ - TEKBİÇİM ESER ADI
Tekbiçim Başlık Prof.
9 (RLIN) 55783
830 1# - SERİ EK GİRİŞİ - TEKBİÇİM ESER ADI
Tekbiçim Başlık Dr.
9 (RLIN) 8572
830 1# - SERİ EK GİRİŞİ - TEKBİÇİM ESER ADI
Tekbiçim Başlık Aydın Sayılı Külliyatı ;
Volume number/sequential designation 4.
9 (RLIN) 110835
942 ## - EK GİRİŞ ÖGELERİ (KOHA)
Source of classification or shelving scheme Library of Congress Classification
Koha item type Book
Holdings
Materyal Türü Kalıcı Konum Mevcut Konum Raf Yeri Sınıflandırma Kaynağı Edinim Bilgisi Ana Konular Alt Konular Yer Numarası Demirbaş Numarası Fatura Tarihi Geri Çekilme Durumu Kayıp Durumu Hasarlı Durumu Kredi için değil Kayıt Tarih Toplam Ödünçverme Son Görülme Tarihi Son Kontrol Tarihi Genel / Bağış Notu
Book Prof. Dr. Azmi Özcan Kütüphanesi Prof. Dr. Azmi Özcan Kütüphanesi Birûni Salonu Library of Congress Classification Bağış BİLİM Astronomi QB82.I8 S29 2016 0059892 02/02/2026         01/02/2017 1 05/12/2024 05/12/2024 Genel Bağış